James Marriott - California Rain Lyrics - Statistics

General Stats
  • This quiz has been taken 20 times
  • The average score is 189 of 217
Answer Stats
Lyrics % Correct
A
100%
a
100%
And
100%
as
100%
California
100%
can't
100%
clouds
100%
for
100%
I
100%
I'm
100%
in
100%
no
100%
not
100%
rain
100%
same
100%
seasons
100%
the
100%
The
100%
There's
100%
to
100%
wait
100%
waitin'
100%
ya
100%
yesterday
100%
you
100%
your
100%
big
90%
cut
90%
hear
90%
me
90%
now
90%
out
90%
right
90%
stop
90%
time
90%
won't
90%
You're
90%
all
80%
far
80%
from
80%
inside
80%
just
80%
Just
80%
lost
80%
man
80%
plan
80%
so
80%
tonight
80%
vain
80%
was
80%
what's
80%
around
70%
bag
70%
cannonballing
70%
corner
70%
face
70%
kiss
70%
laundry
70%
on
70%
one
70%
pain
70%
thrift
70%
too
70%
two
70%
watching
70%
we've
70%
anaesthesia
60%
feel
60%
much
60%
Sit
60%
That
60%
tight
60%
Down
50%
towards
50%
changed
40%
late
40%
stairs
40%
bay
30%
every
30%
green
30%
morning
30%
off
30%
scrape
10%
tense
10%
No matching quizzes found
Score Distribution
Percent of People with Each Score
Percentile by Number Answered
Your Score History
You have not taken this quiz